Rayuela

Shranjeno v:
Bibliografske podrobnosti
Glavni avtor: Cortázar, Julio, 1914-1984 (Author)
Format: Knjiga
Jezik:španščina
Izdano: Madrid Cátedra 1997
Izdaja:11a. ed
Serija:Colección Letras Hispánicas, 200
Teme:
Oznake: Označite
Brez oznak, prvi označite!

MARC

LEADER 00000nam a2200000 a 4500
001 UCP4522
003 CL-VaPUC
008 990806e19970000SP |||||||||||||||||spa|d
082 0 4 |a Ar863  |b COR  |2 21 
100 |a Cortázar, Julio,  |d 1914-1984  |e author  |9 347319 
245 1 0 |a Rayuela 
250 |a 11a. ed 
300 |a 746 p 
942 |c BK 
945 |d 19990806 00:00:00  |a rbrito 
260 |a Madrid  |b Cátedra  |c 1997 
650 0 |a Novelas argentinas  |9 267871 
583 |a last modification  |c 19990806 00:00:00  |k Rodrigo Vera 
490 0 |a Colección Letras Hispánicas, 200 
999 |c 282461  |d 282459 
952 |0 0  |1 2  |4 0  |6 AR_863_000000000000000_COR_1997  |7 0  |8 R  |9 324242  |a BIBGIM  |b BIBGIM  |d 2019-11-20  |i 3547175  |o Ar863 COR 1997  |p 3547175  |r 2019-11-20  |w 2019-11-20  |y BK_R  |k GIM 
952 |0 0  |1 2  |4 0  |6 AR_863_000000000000000_COR_1997  |7 0  |8 R  |9 324243  |a BIBGIM  |b BIBGIM  |d 2019-11-20  |i 3547183  |o Ar863 COR 1997  |p 3547183  |r 2019-11-20  |w 2019-11-20  |y BK_R  |k GIM